[Event "RUS-chT 06th"]
[Site "St Petersburg"]
[Date "1999.05.23"]
[Round "8"]
[White "Raetsky, Alexander"]
[Black "Sakaev, Konstantin"]
[Result "0-1"]
[WhiteElo "2453"]
[BlackElo "2649"]
[Annotator "Finkel,A"]
[PlyCount "84"]
[EventDate "1999.05.16"]
[EventType "team-tourn"]
[EventRounds "9"]
[EventCountry "RUS"]
[SourceTitle "EXT 2020"]
[Source "ChessBase"]
[SourceDate "2019.10.17"]
[SourceVersion "1"]
[SourceVersionDate "2019.10.17"]
[SourceQuality "1"]
[WhiteTeam "Voronezh OShK"]
[BlackTeam "Sankt Petersburg Lentransgaz"]
[WhiteTeamCountry "RUS"]
[BlackTeamCountry "RUS"]

1. d4 d6 2. e4 g6 3. Nc3 Bg7 4. g3 Nc6 $5 {This move is not so typical for
Sakaev,but the team contest has his own rules.} 5. d5 Nd4 6. Nb1 {White has
tried different continuations,but neither of them promises anything special:} (
6. Be3 c5 7. Qd2 (7. dxc6 Nxc6 8. Bg2 Nf6 9. h3 O-O 10. Nge2 Bd7 11. O-O Qc8
$13 {Bertok,M-Udovcic,M/Zagreb 1969}) 7... Bd7 8. Bg2 b5 9. Nd1 b4 10. c4 bxc3
11. bxc3 Nb5 12. Ne2 Na3 $5 $132 {[%cal Ga3c4] Schneider,L-Wedberg,T/SWE-ch
1976}) (6. a4 $5 c5 $6 7. Nb1 $1 f5 8. c3 fxe4 9. cxd4 cxd4 10. a5 $16 {
Ribli,Z-Forintos,G/HUN-ch 1972}) (6. Bg2 c5 7. dxc6 bxc6 8. Nge2 Bg4 9. Qd3
Nxe2 10. Nxe2 Rb8 11. O-O Qc8 12. Rb1 Nf6 $132 {Sveshnikov,E-Azmaiparashvili,Z/
URS-ch sf 1983}) 6... c6 7. c3 Nb5 8. Bg2 (8. Ne2 Nf6 9. Bg2 c5 10. O-O O-O 11.
h3 Nc7 12. Be3 e6 13. dxe6 Bxe6 $11 {Bakalarz,M-Rakowiecki,T/POL-chT 1986})
8... cxd5 9. exd5 Nc7 10. Ne2 Nf6 11. O-O O-O 12. c4 ({White had interesting
possibility} 12. a4 $5 e6 13. dxe6 fxe6 14. c4 d5 15. Bf4 $5 Bd7 16. Be5 $5 $14
{with slightly better prospects.}) 12... b5 13. cxb5 Nxb5 14. a4 Nc7 15. Nbc3 (
{Doesn't work} 15. Nd4 $2 Ncxd5 $1 16. Bxd5 Nxd5 17. Nc6 Qc7 18. Qxd5 Bb7 $17 {
[%cal Gb7d5]}) 15... Bb7 16. Rb1 {Preparing the advance of the b-pawn.} (16. b4
$2 Nfxd5 $17 {[%cal Gg7a1]}) 16... Qd7 17. b4 e6 $132 18. dxe6 ({Worse is} 18.
Nf4 Nfxd5 (18... e5 19. Nfe2 Nh5 20. b5 f5 21. Ba3 $13) 19. Ncxd5 Nxd5 20. Nxd5
Bxd5 21. Bxd5 exd5 22. Qxd5 Qxa4 $15 {and black keeps some pressure.}) 18...
Nxe6 19. Bxb7 Qxb7 20. Nf4 ({Too dangerous is} 20. Qxd6 $6 Rad8 21. Qe5 Rfe8 (
21... Nd5 $6 22. Qe4 {[%cal Ge4b7]}) 22. Qa5 Ng4 $5 23. f3 Ne5 $36 {[%csl Ra5,
Rf3] and black has more than sufficient compensation for a pawn.}) 20... d5 21.
Qf3 $2 {Critical moment in the game:white doesn't stand the pressure and move
by move black seizes the initiative.} (21. Ncxd5 $5 Rad8 22. Nxf6+ Bxf6 23. Qg4
Rd4 24. Be3 Nxf4 25. Bxf4 Be5 26. Rfd1 $11) 21... Rad8 $15 22. Rd1 Ne4 $1 23.
Nce2 (23. Ncxd5 $2 Nxf4 24. Nxf4 Rxd1+ 25. Qxd1 Nc3 $17 {[%cal Gc3d1,Gc3b1]})
23... Rfe8 24. Be3 $6 {Another inaccuracy,this time with distructive
consequances.} (24. Bb2 $5 N4g5 25. Qg2 Bxb2 26. Rxb2 Nxf4 27. Nxf4 Ne4 28. Qf3
$11) 24... Nxf4 25. Bxf4 d4 $1 $17 26. b5 Qd5 {[%cal Gd4d3]} 27. Rb3 Qc4 $1 28.
Rbd3 (28. Qd3 Qe6 $1 {[%cal Ge4c5]} 29. Rbb1 Nc5 30. Qc2 d3 31. Qxc5 dxe2 32.
Re1 Qa2 $17) 28... Nc5 29. R3d2 d3 (29... Qxa4 $5 $17) 30. Nc1 Bc3 31. Rxd3
Nxd3 32. Rxd3 Rxd3 33. Nxd3 (33. Qxd3 Re1+ 34. Kg2 Qxd3 35. Nxd3 Ra1 $19) 33...
Qxa4 $19 34. Qd5 Qe4 35. Qd7 Qe7 36. Qd5 Rd8 37. Qc4 Bf6 38. Nb4 Rd4 39. Qc8+
Kg7 40. Nc6 Rd1+ 41. Kg2 Qe4+ 42. Kh3 Rd5 $1 0-1

[Event "MK Cafe Cup-A"]
[Site "Koszalin"]
[Date "1999.08.13"]
[Round "10"]
[White "Magomedov, Magaram"]
[Black "Urban, Klaudiusz"]
[Result "0-1"]
[WhiteElo "2604"]
[BlackElo "2463"]
[Annotator "Finkel,A"]
[PlyCount "72"]
[EventDate "1999.08.03"]
[EventType "swiss"]
[EventRounds "9"]
[EventCountry "POL"]
[SourceTitle "CBM 073"]
[Source "ChessBase"]
[SourceDate "1999.12.01"]
[SourceVersion "1"]
[SourceVersionDate "1999.12.01"]
[SourceQuality "1"]

1. e4 g6 2. d4 Bg7 3. Nc3 d6 4. Be3 a6 5. Nf3 (5. h4 $5) 5... b5 (5... Nf6 6.
h3 b5 7. e5 Nfd7 8. exd6 exd6 9. Bd3 $14) 6. Bd3 Bb7 (6... Nd7 {/\c5} 7. e5 e6
(7... dxe5 8. Be4 Rb8 9. dxe5 {/\10.Ba7,10.e6}) 8. Bg5 Ne7 9. a4 bxa4 10. exd6
cxd6 11. Rxa4 O-O 12. O-O Bb7 13. Be4 d5 14. Bd3 f6 15. Bh4 Nf5 $132 {Fishbein,
A-Hansen,C/Kerteminde 1991/(59)}) 7. e5 (7. a4 b4 8. Nd5 Nf6 9. Nxf6+ $14) 7...
Nd7 (7... e6 8. Ne4 Ne7 9. Bg5 h6 10. Bf6 Bxf6 11. Nxf6+ Kf8 12. Qe2 Nd7 13.
Nxd7+ Qxd7 $11 {Hatanbaatar,B-Spasov,V/Elista olm 1998}) (7... dxe5 8. dxe5 Nc6
9. e6 f5 10. O-O Qd6 11. Qe2 Nb4 12. Rad1 $36 {Herrera,I-Asanov,B/Guillermo
Garcia Premier II 1999}) 8. e6 (8. exd6 cxd6 9. O-O Ngf6 $15) 8... fxe6 9. Ng5
Nf8 10. O-O (10. Qe2 $44) 10... Nf6 (10... e5 11. dxe5 Bxe5 12. Be4 $146) (
10... Qd7 11. Re1 Nh6 (11... h6 12. Nf3 Nf6 13. Bd2 {/\a4,Ne4,c3,©}) 12. Nce4 (
12. a4 b4 13. Nce4 Nf5 14. Qf3 (14. c3 e5 15. dxe5 Bxe5 16. Bd2 $13) 14... Rb8
(14... Bd5 15. c4 Bc6 16. d5 exd5 17. cxd5 Bb7 18. Ne6 Nxe6 19. dxe6 Qxe6 20.
Ng5 Bxf3 21. Nxe6 Nxe3 22. Rxe3 $16) 15. c3 h6 16. Nh3 $44 {Waitzkin,J-Burnett,
R/Agency 1998}) (12. Be4 Bxe4 13. Ncxe4 Nf5 14. a4 $146) 12... Nf5 13. c3 h6
14. Nf3 g5 15. a4 bxa4 16. Rxa4 Ng6 17. Qb3 O-O $36 {Duer,W-Horvath,J/
AUT-chT9798}) 11. Re1 (11. a4 $142 $14 {Svidler}) 11... Qd7 12. Bd2 (12. a4 b4
13. Nce4 h6 14. Nxf6+ exf6 $13) (12. Qe2 h6 13. Nge4 $146) 12... h6 {This move
weakens g6, but black cannot tolerate the white N on g5} 13. Nf3 (13. Nge4 Nxe4
14. Bxe4 d5 15. Bf3 Bxd4) 13... Rc8 $5 (13... g5 14. a4 b4 15. Ne4 Nxe4 (15...
g4 16. Nh4) 16. Bxe4 Bxe4 17. Rxe4 a5 18. c3 $44 {Yudasin,L-Kanstler,B/ISR-chT
Afek-Elitzur P.T 1998}) (13... Rb8 14. a4 b4 15. Ne4 Nxe4 16. Bxe4 Bxe4 17.
Rxe4 {/\c3,,Rb1,Qe2~/=} Qc6 $5 18. Re3 $44 {Anand,V-Svidler,P/Linares 1998})
14. a4 b4 15. Ne4 Nxe4 16. Bxe4 Bxe4 17. Rxe4 a5 18. c3 c5 19. Qe1 $6 (19. dxc5
dxc5 20. Qe2) 19... cxd4 20. cxb4 $6 (20. cxd4) 20... e5 $1 21. b5 $6 (21. bxa5
Ne6 22. b4 O-O) 21... Ne6 22. b4 axb4 23. b6 $6 (23. Bxb4) 23... Nc5 24. a5 O-O
25. Bxb4 Nxe4 26. Qxe4 Qb5 $1 $19 27. Bd2 d5 $5 28. Qxg6 Rc6 29. Qg4 e4 30. Ne5
e3 $5 31. fxe3 (31. Nxc6 exf2+ 32. Kh1 f1=Q+ 33. Rxf1 Rxf1#) 31... dxe3 32.
Nxc6 (32. Bxe3 Qb2 {[%cal Gb2a1,Gb2e5]} 33. Rd1 Qxe5 34. Bd4 Qg5 $19) 32...
exd2 33. Nxe7+ Kh7 34. Qg6+ (34. Ng6 Qc5+ 35. Kh1 Qc1+ 36. Qd1 Bxa1) 34... Kh8
35. Nf5 Qc5+ 36. Kf1 Qc1+ 0-1

[Event "MK Cafe Cup-A"]
[Site "Koszalin"]
[Date "1999.08.12"]
[Round "9"]
[White "Zezulkin, Jurij"]
[Black "Gritsak, Orest"]
[Result "0-1"]
[WhiteElo "2478"]
[BlackElo "2550"]
[Annotator "Finkel,A"]
[PlyCount "76"]
[EventDate "1999.08.03"]
[EventType "swiss"]
[EventRounds "9"]
[EventCountry "POL"]
[SourceTitle "CBM 073"]
[Source "ChessBase"]
[SourceDate "1999.12.01"]
[SourceVersion "1"]
[SourceVersionDate "1999.12.01"]
[SourceQuality "1"]

1. e4 g6 2. d4 Bg7 3. Nc3 c6 4. Bc4 d6 5. Qf3 e6 6. Nge2 Nd7 7. h4 Ngf6 (7...
h5 8. Bb3 Ngf6 9. Bg5 e5 10. a4 Qe7 11. O-O O-O 12. Qg3 exd4 13. Nxd4 Qe5 14.
Nde2 $14 {Milov,V-Carlier,B/Brussels op 1995}) (7... h6 8. Be3 Qe7 9. O-O-O b5
10. Bb3 Ba6 11. Nf4 Rc8 12. Qg3 $14 {Wessendorf,T-Nowik,V/NRW-Liga I 9697}) 8.
h5 $6 {It was't necessary to sacrifice a pawn in well known position.Other
continuations are:} (8. g4 d5 9. Bb3 h5 10. g5 Nxe4 11. Nxe4 dxe4 12. Qxe4 O-O
13. Bf4 c5 14. Bd6 cxd4 $1 15. Bxf8 Kxf8 $44 {Dabo Peranic,R-Sermek,D/CRO-chT
1998}) (8. Bg5 e5 (8... b6 9. Be3 d5 10. Bb3 b5 11. a3 Nb6 12. Nf4 Nc4 13. Bxc4
bxc4 14. e5 $14 {Videki,S-Dostan,J/Spring op 1995}) 9. h5 h6 (9... exd4 10. h6
Bf8 11. Nxd4 Be7 12. Bb3 $16) 10. Be3 (10. hxg6 hxg5 11. Bxf7+ Kf8 12. Rxh8+
Bxh8 13. O-O-O exd4 14. Qh3 Bg7 15. Nxd4 Ne5 16. Ne6+ Bxe6 17. Qxe6 Qe7 $17)
10... g5 11. Bb3 exd4 12. Nxd4 Ne5 13. Qg3 (13. Qe2 $5 Neg4 14. Bd2 Nxh5 $2 15.
Nf5 $18) 13... Neg4 14. O-O-O Nxe3 15. fxe3 Qe7 $132 {Grosar,A-Fauland,A/
AUT-chT9697} (15... O-O 16. e5 dxe5 17. Nxc6 $16)) 8... Nxh5 9. g4 Nhf6 10. g5
Nh5 11. a4 (11. Be3 b5 12. Bb3 a6 13. Ng3 Nxg3 14. Qxg3 Qc7 15. O-O-O Bb7 $15)
11... c5 $5 12. Nb5 $6 {Another inaccurasy.At first white tries to create
something on the kingside ,now on the queenside.What's goes on?} (12. Be3 cxd4
13. Nxd4 Ne5 14. Bb5+ Bd7 15. Qe2 O-O $15) 12... Nb6 13. Ba2 a6 14. dxc5 axb5 (
14... dxc5 $5) 15. cxb6 bxa4 16. c3 Qxb6 $17 17. Be3 Qxb2 18. O-O Qb5 19. Rfd1
Qd7 20. Rd2 O-O 21. Rad1 d5 $5 (21... Be5 22. Bd4 (22. Bc5 Qe7 23. Be3 f5 $17)
22... Qe7 23. Bxe5 dxe5 24. Qe3 f6 $1 $17) 22. Qg2 (22. exd5 exd5 23. Bxd5 a3
24. Bc5 Re8 $19) 22... Qc7 23. exd5 exd5 24. Bxd5 a3 {[%cal Ga8a4,Ga4g4]} 25.
Rb1 Ra4 26. f4 Qe7 27. Qf2 Re8 28. Bc5 (28. Bd4 Qd7 $1 29. Bxg7 Kxg7 $19 {
[%csl Rf4,Rg1][%cal Ga3a1]}) 28... Qd7 29. Rbd1 Qg4+ 30. Qg2 Qxg2+ 31. Kxg2
Rxe2+ $1 $19 32. Rxe2 Nxf4+ 33. Kf2 Nxe2 34. Bb3 Rf4+ 35. Ke3 Re4+ $1 36. Kf3
Bg4+ 37. Kxe4 Nxc3+ 38. Kf4 Bxd1 0-1

[Event "Hotel Agro GM"]
[Site "Budapest"]
[Date "1999.08.06"]
[Round "8"]
[White "Borgo, Giulio"]
[Black "Ovsejevitsch, Sergei"]
[Result "1/2-1/2"]
[WhiteElo "2444"]
[BlackElo "2515"]
[Annotator "Finkel,A"]
[PlyCount "84"]
[EventDate "1999.08.05"]
[EventType "tourn"]
[EventRounds "9"]
[EventCountry "HUN"]
[EventCategory "10"]
[SourceTitle "CBM 073"]
[Source "ChessBase"]
[SourceDate "1999.12.01"]
[SourceVersion "1"]
[SourceVersionDate "1999.12.01"]
[SourceQuality "1"]

1. e4 g6 2. d4 Bg7 3. Nc3 d6 4. Be3 Nd7 5. Qd2 a6 6. h3 (6. Nf3 b5 7. a4 b4 8.
Nd5 Ngf6 9. Qxb4 Nxe4 10. Qa5 Ra7 11. Nb4 Bb7 12. Bb5 Ra8 {1/2-1/2 Barczay,
L-Davies,N/Noviki-B 1987}) (6. a4 b6 7. f4 Ngf6 8. Nf3 Bb7 9. Bc4 O-O 10. e5
Ng4 11. e6 Bxf3 12. gxf3 Nxe3 13. Qxe3 fxe6 14. Bxe6+ Kh8 $15 {Speckner,R-Zuse,
K/BL2-S9798}) 6... b5 7. a4 (7. Bd3 Bb7 8. a3 c5 9. Nf3 Ngf6 10. dxc5 Nxc5 11.
Bh6 O-O 12. Bxg7 Kxg7 13. Qe3 h6 14. Rd1 Qc7 $13 {Fongers,J-Bosboom Lanchava,T/
NLD-chW 1998}) 7... b4 8. Nce2 (8. Nd1 c5 9. dxc5 dxc5 10. Bc4 Bb7 11. f3 Qc7
12. c3 Ne5 13. Be2 Rd8 14. Qc2 bxc3 15. bxc3 c4 $132 {Hansson,D-Asanov,B/
Reykjavik op 1993}) 8... Ngf6 9. Ng3 O-O 10. Nf3 c5 11. c3 ({Of course not} 11.
dxc5 $6 Nxc5 {[%csl Re4]} 12. Qxb4 a5 13. Qd2 Nfxe4 14. Nxe4 Nxe4 15. Qc1 Bb7
$36) 11... bxc3 12. bxc3 cxd4 13. cxd4 Bb7 14. Bd3 d5 $1 (14... Nb6 $6 15. a5
d5 $2 16. e5 Ne4 17. Qb2 $1 $18 {[%cal Gb2b7]}) 15. e5 Ne4 16. Bxe4 dxe4 17.
Ng5 Nb6 (17... Bd5 $6 18. N5xe4 f5 19. Nc3 $1 Bxg2 20. Rg1 Bb7 21. Bh6 $36) 18.
Qa5 (18. N5xe4 Nc4 19. Qe2 Nxe3 20. Qxe3 f5 21. exf6 exf6 $36) 18... Nc4 (18...
Nd5 $5) 19. Qxd8 Raxd8 20. N5xe4 f5 21. exf6 exf6 $44 {Pair of the strong
bishops and development advantage gives to black more than enough compensation
for sacrificed pawn.} 22. O-O f5 23. Nc5 Bd5 24. Ne2 $8 Rfe8 $1 {[%cal Ge8e2]}
25. Bg5 $8 (25. Rae1 Nxe3 26. fxe3 Rxe3 27. Kf2 Rde8 28. Nd7 Rxe2+ 29. Rxe2
Bxd4+ 30. Ke1 Rxe2+ 31. Kxe2 Bc4+ 32. Ke1 Bxf1 33. Kxf1 Kf7 $19) 25... Rc8 26.
Rae1 Bf7 27. Nd7 (27. Nxa6 $2 Na5 $1 {[%cal Gf7c4]} 28. Be3 Bc4 29. Nc5 Bxe2
30. Rxe2 f4 $17) 27... h6 28. Bc1 (28. Nf6+ Bxf6 29. Bxf6 Nd2 30. Nf4 Nxf1 31.
Rxf1 g5 $17) 28... Re7 29. Ne5 Nxe5 30. dxe5 Rxe5 $17 31. Nf4 (31. Bb2 Re4 32.
Bxg7 Kxg7 33. Ng3 Rxa4 $17) 31... g5 (31... Rc4 32. Rxe5 Bxe5 33. Nd3 Bg7 34.
a5 Ra4 $17) 32. Nd3 Ra5 33. Bb2 Bxb2 $6 (33... Rxa4) (33... Bc4 34. Bxg7 Bxd3
35. Bxh6 Bxf1 36. Kxf1 f4 $19) 34. Nxb2 Rc2 35. Nd3 Rxa4 (35... Bc4) 36. Re7
Re4 (36... Kf8 37. Ra7 Bc4 38. Rb1 Bb5 39. Ne5 Re4 40. Rf7+ Ke8 41. Rxf5 Rc5
42. Nf7 $1 $15) 37. Ne5 $132 Rce2 $6 38. Rxf7 Rxe5 39. Rf6 $11 Re6 40. Rxf5
R2e5 41. Rxe5 Rxe5 42. f4 Rf5 1/2-1/2

[Event "Ehrat Memorial (SUI-GER m)"]
[Site "Zuerich"]
[Date "1999.08.17"]
[Round "5"]
[White "Jenni, Florian"]
[Black "Gabriel, Christian"]
[Result "1/2-1/2"]
[WhiteElo "2399"]
[BlackElo "2578"]
[Annotator "Finkel,A"]
[PlyCount "84"]
[EventDate "1999.08.13"]
[EventType "schev"]
[EventRounds "10"]
[EventCountry "SUI"]
[SourceTitle "CBM 073"]
[Source "ChessBase"]
[SourceDate "1999.12.01"]
[SourceVersion "1"]
[SourceVersionDate "1999.12.01"]
[SourceQuality "1"]
[WhiteTeam "Switzerland"]
[BlackTeam "Germany"]
[WhiteTeamCountry "SUI"]
[BlackTeamCountry "GER"]

1. e4 g6 2. d4 Bg7 3. Nf3 d6 4. Bc4 e6 5. Qe2 (5. Bb3 h6 6. O-O Ne7 7. Re1 O-O
8. c4 Nd7 9. Nc3 e5 $13 {Albrecht,H-Timpel,K/BL2-O9798}) 5... a6 (5... Ne7 6.
c3 b6 7. a4 Bb7 8. h4 h6 9. Bf4 Nd7 10. Nbd2 a6 11. Rd1 $14 {Poley,V-Lutsko,I/
BLR-ch 1994}) 6. c3 Nd7 7. Bf4 (7. O-O h6 8. e5 Ne7 9. Bf4 d5 10. Bd3 b6 11.
Nbd2 Bb7 12. h3 $14 {Hauchard,A-Prie,E/Paris 1994 (27)}) 7... Ne7 8. Nbd2 h6 9.
Bb3 b6 10. O-O Bb7 11. Rfe1 g5 12. Bg3 Ng6 13. Nc4 g4 (13... e5 14. dxe5 Ndxe5
15. Nd4 Qf6 16. Ne3 $14) 14. Nfd2 h5 15. Nxd6+ $6 ({Doesn't work} 15. Bxd6 $6
b5 16. Be5 (16. Na5 cxd6 17. Nxb7 Qb6 $17 {and knight is trapped}) 16... bxc4
17. Bxg7 Rg8 18. Nxc4 Rxg7 19. Na5 Qb8 $15) 15... cxd6 16. Nc4 Bf8 (16... Kf8
$6 17. Nxd6 Bc8 18. Qc4 $1 {[%cal Gd6f7]} b5 (18... Nc5 19. dxc5 h4 20. Nxc8
hxg3 21. Nxb6 gxf2+ 22. Kxf2 $14) 19. Qc6 Nb6 20. Nxf7 $1 Kxf7 21. Bc7 Qd7 22.
Qxb6 $36 {[%cal Gd4d5]}) 17. Nxd6+ Bxd6 18. Bxd6 Nf6 19. Ba3 Nxe4 (19... Bxe4
$5 20. f3 gxf3 21. gxf3 Bb7 (21... Bd5 $6 22. c4 Bb7 23. d5 Rg8 24. Kf1 e5 25.
Ba4+ b5 26. cxb5 a5 27. b6+ Nd7 28. Qxe5+ $1 $18) 22. Bxe6 Nf4 23. Bxf7+ Kxf7
24. Qe7+ Qxe7 25. Rxe7+ Kg6 26. Rxb7 b5 $15) 20. Qc2 $5 $44 Ng5 21. d5 Qf6 (
21... Bxd5 $2 22. Rad1 $16 {[%cal Gd1d8]}) 22. c4 $1 O-O-O 23. c5 exd5 24.
cxb6+ Kb8 (24... Bc6 $2 25. Rac1 Kb7 26. Be7 $1 Nxe7 27. Rxe7+ Kb8 28. Qxc6
Qxe7 29. Qc7+ Qxc7 30. bxc7+ Kb7 31. cxd8=Q Rxd8 32. Rc5 $16) 25. Qc7+ Ka8 26.
Be7 Nxe7 27. Rxe7 Qc6 28. Rc1 Qxc7 29. bxc7 Rd6 (29... Rc8 30. Ba4 Ne6 $15) 30.
Ba4 Bc8 (30... Re6 $6 31. Rd7 Rc8 32. Rd8 Ka7 33. h4 $1 gxh3 34. Bd7 Rg6 35. g3
$13) 31. Re5 f6 $6 (31... Ne6 $1 32. Rxd5 Rxd5 33. Bc6+ Bb7 34. Bxd5 Nxc7 $1
$17) 32. Rxd5 Rxd5 33. Bc6+ Bb7 $6 (33... Ka7 34. Bxd5 Re8 35. Kf1 Re7 $17) 34.
Bxd5 Rc8 35. Bb3 h4 (35... Ka7 36. h4 $1 gxh3 37. f4 {[%csl Re6]} Ne4 38. Be6
hxg2 39. Bxc8 Bxc8 40. Kxg2 Kb7 $15) 36. h3 f5 $6 37. hxg4 fxg4 38. Bd1 $11 {
[%csl Rg4]} Ne6 39. Bxg4 Rxc7 40. Rxc7 Nxc7 41. Kh2 Nd5 42. Kh3 Nf4+ 1/2-1/2

[Event "USA-ch Gr-A"]
[Site "Salt Lake City"]
[Date "1999.08.23"]
[Round "1"]
[White "Shliperman, Igor"]
[Black "Fedorowicz, John P"]
[Result "1/2-1/2"]
[WhiteElo "2466"]
[BlackElo "2565"]
[Annotator "Finkel,A"]
[PlyCount "102"]
[EventDate "1999.08.05"]
[EventType "tourn"]
[EventRounds "7"]
[EventCountry "USA"]
[EventCategory "13"]
[SourceTitle "CBM 073"]
[Source "ChessBase"]
[SourceDate "1999.12.01"]
[SourceVersion "1"]
[SourceVersionDate "1999.12.01"]
[SourceQuality "1"]

1. e4 g6 2. d4 Bg7 3. Nc3 d6 4. Bc4 Nc6 5. d5 $6 {[%csl Rc4,Gg7] Clear
positional blunder.Now bishop g7 becomes very strong and his opponent on
c4-out of play.} ({Better is} 5. Be3 Nf6 (5... e5 6. Nge2 exd4 7. Nxd4 Nxd4 8.
Bxd4 Nf6 9. O-O O-O 10. f3 c6 11. a4 Bh6 12. Qd3 $14 {Berezjuk,S-Keprt,P/
Frydek-Mistek opA 1997}) 6. f3 (6. h3 O-O (6... e5 7. dxe5 Nxe5 8. Bb3 O-O 9.
Qd2 b5 10. f3 b4 11. Nd5 Nxd5 12. Bxd5 c6 13. Bb3 a5 $36 {Gausel,E-Davies,N/
Oslo 1988}) 7. Nf3 Nxe4 8. Nxe4 d5 9. Bd3 dxe4 10. Bxe4 f5 11. Bxc6 bxc6 12.
Qe2 f4 13. Bd2 $13 {Tibensky,R-Oral,T/SVK-chT9596}) 6... a6 (6... O-O 7. Nge2
e5 8. Qd2 a6 9. Bg5 exd4 10. Nd5 Be6 11. O-O-O Ne5 12. Qxd4 Bxd5 13. Bxd5 h6
14. Bh4 g5 15. Be1 $14 {Voigt,U-Pankrath,B/OLO-A 9596}) 7. a4 e5 8. d5 Ne7 9.
Qd2 Nfg8 $13 {Herrera,I-Espinosa,J/Havana 1996 (17)}) 5... Ne5 6. Be2 Nf6 7. f4
Ned7 8. Nf3 O-O 9. Be3 c6 10. O-O Nb6 $15 11. a4 a5 12. Kh1 (12. dxc6 bxc6 13.
e5 Nfd5 14. Nxd5 Nxd5 15. Qd2 Nxe3 16. Qxe3 Rb8 $15) 12... Bd7 13. Ra3 $6 (13.
Bd4 $5 cxd5 (13... Rc8 14. dxc6 bxc6 15. e5 Nfd5 16. Nxd5 Nxd5 17. exd6 $14)
14. exd5 Bh6 15. Bg1 Bg7 16. Qd2 Rc8 17. Rfd1 Nc4 18. Bxc4 Rxc4 19. Bd4 Bf5 $13
) 13... cxd5 14. exd5 Rc8 15. Bd4 Bh6 $1 {[%csl Rd5]} 16. Bxb6 $6 (16. Bxf6
exf6 17. Qd4 f5 18. Rb3 Rc5 $15 {[%cal Gh6g7,Gd8c7]}) (16. Be3 $5 Nc4 17. Bxc4
Rxc4 18. Qd2 Qc7 19. Re1 Rc8 20. Bd4 Bf5 $132) 16... Qxb6 17. Rb3 Qc5 18. Nd4 (
18. Rxb7 Rb8 19. Rxb8 Rxb8 20. Bb5 Bxb5 (20... Bxf4 21. Bxd7 Nxd7 22. Ne1 Be5
23. Qf3 Nf6 24. Nd3 Qd4 $15) 21. axb5 Bxf4 22. Nd4) 18... Nxd5 19. Nxd5 Qxd5
20. Bf3 Qc5 21. Rxb7 Rfd8 $15 (21... Bxa4 22. b3 e5 23. bxa4 exd4 24. Be4 Rb8
$15) 22. f5 Bg5 (22... Rb8 $5) 23. c3 Bf6 24. fxg6 hxg6 25. Bg4 Bxg4 26. Qxg4
Qc4 27. Qf3 Rc5 ({Of course not} 27... Qxa4 $2 {[%tqu "En","","","","b7e7","",
10]} 28. Rxe7 $1 {[%csl Rf7]} Bxe7 29. Qxf7+ Kh8 30. Qxe7 $40) 28. Re1 Re5 29.
Ra1 $2 (29. Rf1) 29... Rc8 $2 ({Missing simple} 29... Qxa4 $1 30. Qf1 Qe8 31.
Ra7 Ra8 32. Qa6 Rxa7 33. Qxa7 Qc8 $17) 30. h3 Kg7 31. Rf1 Re3 32. Qf4 Re4 33.
Qf3 Re3 (33... Bxd4 $5 34. cxd4 f5 $15 {[%csl Rd4]}) 34. Qf4 Rc5 35. Rb5 Qd3 $6
(35... Re4 $1 36. Qf3 Bxd4 37. cxd4 Rxd4 38. Rxc5 dxc5 39. b3 Qd5 $17) 36. Rxc5
dxc5 37. Nb3 g5 (37... Re5 $5) 38. Qf5 Qxf5 39. Rxf5 Re1+ (39... Be5 40. Rf1)
40. Kh2 Be5+ 41. g3 Re2+ 42. Kg1 f6 43. Rf2 $11 Re3 44. g4 Rg3+ $1 (44... Rxh3
45. Nxa5 Rg3+ 46. Rg2 Rd3 47. Nc4 Rd1+ 48. Kf2 Ra1 $11) 45. Rg2 Rxh3 46. Nxa5
Rd3 47. Nc4 (47. Nc6) 47... Rd1+ 48. Kf2 Ra1 49. a5 Bc7 50. Rg1 Ra4 51. Re1 Kf8
1/2-1/2

[Event "MK Cafe Cup-A"]
[Site "Koszalin"]
[Date "1999.08.11"]
[Round "8"]
[White "Bobras, Piotr"]
[Black "Urban, Klaudiusz"]
[Result "0-1"]
[WhiteElo "2394"]
[BlackElo "2463"]
[Annotator "Finkel,A"]
[PlyCount "68"]
[EventDate "1999.08.03"]
[EventType "swiss"]
[EventRounds "9"]
[EventCountry "POL"]
[SourceTitle "CBM 073"]
[Source "ChessBase"]
[SourceDate "1999.12.01"]
[SourceVersion "1"]
[SourceVersionDate "1999.12.01"]
[SourceQuality "1"]

1. e4 g6 2. d4 Bg7 3. Nc3 d6 4. Bg5 a6 5. f4 b5 6. Nf3 Bb7 7. Bd3 (7. a4 b4 8.
Nd5 Nf6 9. Bxf6 exf6 10. Bc4 O-O 11. O-O a5 12. f5 c6 13. Nf4 $14 {Cheutshenko,
R-Svirjov,I/ch-EST 1999}) 7... b4 (7... Nd7 8. Ne2 (8. O-O c5 9. e5 cxd4 10.
Ne4 Qb6 11. exd6 e6 12. Qe1 Ngf6 $15 {Seeman,T-Agrest,E/Stockholm2 1998}) 8...
c5 9. c3 cxd4 10. cxd4 Ngf6 11. Ng3 O-O 12. O-O Qb6 13. Kh1 e6 14. Qe2 h6 15.
Bh4 Nh7 $13 {Krays,A-Kanstler,B/ISR-chT 1996}) (7... Nf6 8. e5 b4 9. Ne2 Bxf3
10. gxf3 Nd5 11. Be4 c6 12. Qd3 Nd7 13. exd6 N7f6 14. dxe7 Qxe7 15. f5 O-O $44
{Voitsekhovsky,S-Popov,V/RUS-ch51 1998}) 8. Ne2 Nf6 9. Ng3 O-O (9... d5 10. e5
Ne4 11. Qe2 Nxg5 12. Nxg5 e6 13. h4 c5 14. h5 $36 {Sutovskij,E-Finkel,A/
EU-chJM U20 1995}) 10. Qe2 c5 11. dxc5 dxc5 12. f5 (12. O-O-O $5 Qa5 13. Kb1
Nc6 14. e5 Ne8 15. Be4 $16) 12... Nbd7 13. e5 (13. O-O-O) 13... Ng4 14. e6 (14.
fxg6 $6 fxg6 15. e6 Nde5 16. Nxe5 Nxe5 17. O-O-O Qb6 $132) 14... Nde5 (14...
fxe6 15. fxg6 Bxb2 16. Qxe6+ Kh8 17. Rd1 Bc3+ 18. Bd2 $14) 15. exf7+ Rxf7 16.
Nxe5 Nxe5 17. Be4 $1 (17. O-O-O $2 Qd5 $1 {[%cal Gd5a2,Gd5g2]} 18. Kb1 (18. Be4
Qxa2 19. Bxb7 Nc4 $1 $19) 18... Nxd3 19. Rxd3 Qxg2 20. fxg6 Qxe2 21. gxf7+ Kxf7
22. Nxe2 Bxh1 $17) 17... Bxe4 18. Qxe4 Rc8 $1 19. Rd1 (19. O-O $6 Qd4+ 20. Qxd4
cxd4 {[%csl Rc2]} 21. Rac1 Nc4 22. fxg6 hxg6 $15) 19... Qa5 20. Qd5 Qc7 21. O-O
Qc6 $132 22. fxg6 hxg6 23. Ne4 Qxd5 24. Rxd5 Nc4 25. Rxf7 Kxf7 26. b3 $2 (26.
Rd7 Bxb2 27. Rxe7+ Kf8 28. Re6 $14) 26... Bd4+ $1 $19 27. Rxd4 (27. Kf1 Nb6 $19
{[%csl Rd5]}) 27... cxd4 28. bxc4 Rxc4 {[%csl Ra2,Rc2]} 29. Bd2 a5 30. Kf2 Rxc2
31. Ke2 Rxa2 32. Nc5 e5 33. Kd3 b3 $1 34. Nxb3 e4+ 0-1